000 00262nam a2200097Ia 4500
001 1194484
005 20250827021730.0
008 250824s9999 xx 000 0 und d
245 0 _aHARAB ETTİ TÜTÜN BENİ
_cABDULLAH UÇAR
260 _bKARATAY AKADEMİ YAYINLARI
999 _c1194484
_d1194484